La vulnerabilidad de los refugiados palestinos procedentes de Siria /
Сохранить в:
| Главный автор: | |
|---|---|
| Формат: | |
| Язык: | Spanish |
| Метки: |
Добавить метку
Нет меток, Требуется 1-ая метка записи!
|
MARC
| LEADER | 00000nam a22000007a 4500 | ||
|---|---|---|---|
| 003 | cru CIDCACS/IIS | ||
| 005 | 20180117101331.0 | ||
| 007 | ta | ||
| 008 | 180112s2014 sp |||p|r||||||0| ||spa d | ||
| 999 | |c 40819 |d 40819 | ||
| 040 | |c cru CIDCACS/IIS | ||
| 100 | 1 | |9 6385 |a Morrison, Leah | |
| 245 | 1 | 3 | |a La vulnerabilidad de los refugiados palestinos procedentes de Siria / |c Leah Morrison |
| 300 | |a páginas 41-42 | ||
| 773 | 0 | |0 19267 |9 1738 |a Centro de Estudios sobre Refugiados |d Universidad de Oxford ; Centro de Estudios sobre Refugiados |o 18230 |t Migraciones Forzadas: |x 14609819 | |
| 942 | |2 ddc |c PP | ||
